00333nam a2200121Ia 4500008004100000041000800041082001400049100001900063245004500082260004800127300002900175365000700204240624s9999 xx 000 0 und d aeng a658.3 CAP aCAPPELLI PETER aNEW DEAL AT WORK MANAGING THE MARKET DRI c1999aBostonbHarvard Business School Press ax, : 307 : p. : cm. ; 23 cRS